| Tag |
First Indicator |
Second Indicator |
Subfields |
| LEADER |
00000pam a2200000 a 4500 |
| 001 |
in00001409928 |
| 005 |
20151020070422.0 |
| 008 |
951020s1996 dcua j b 000 0beng |
| 010 |
|
|
|a 95043143
|
| 020 |
|
|
|a 0792227131
|
| 035 |
|
|
|a (OCoLC)33441232
|
| 035 |
|
|
|9 AHP8865AM
|
| 040 |
|
|
|a DLC
|c DLC
|d UtOrBLW
|
| 043 |
|
|
|a n-us---
|
| 049 |
|
|
|a TXAG
|
| 050 |
0 |
0 |
|a E457.32
|b .H45 1996
|
| 082 |
0 |
0 |
|a 973.7/092
|a B
|2 20
|
| 100 |
1 |
|
|a Harness, Cheryl.
|
| 245 |
1 |
0 |
|a Young Abe Lincoln :
|b the frontier days, 1809-1837 /
|c written and illustrated by Cheryl Harness.
|
| 264 |
|
1 |
|a Washington, D.C. :
|b National Geographic Society,
|c 1996.
|
| 300 |
|
|
|a 1 volume (unpaged) :
|b color illustrations ;
|c 29 cm.
|
| 336 |
|
|
|a text
|b txt
|2 rdacontent
|
| 337 |
|
|
|a unmediated
|b n
|2 rdamedia
|
| 338 |
|
|
|a volume
|b nc
|2 rdacarrier
|
| 504 |
|
|
|a Includes bibliographical references.
|
| 520 |
|
|
|a Briefly presents the life of this famous president from his birth until the age of twenty-eight.
|
| 600 |
1 |
0 |
|a Lincoln, Abraham,
|d 1809-1865
|x Childhood and youth
|x Juvenile literature.
|
| 650 |
|
0 |
|a Presidents
|z United States
|v Biography
|v Juvenile literature.
|
| 600 |
1 |
1 |
|a Lincoln, Abraham,
|d 1809-1865
|x Childhood and youth.
|
| 650 |
|
1 |
|a Presidents.
|
| 948 |
|
|
|a c:en
|
| 999 |
|
|
|a MARS
|
| 999 |
f |
f |
|s cf73dfa3-08ca-34e3-b97d-0601471597a9
|i 5bc7e75e-bb2a-3d0b-99e9-597f0fcf8337
|t 0
|
| 952 |
f |
f |
|p normal
|a Texas A&M University
|b College Station
|c Sterling C. Evans Library
|d Evans: Curriculum Collection (4th floor)
|t 0
|e E457.32 .H45 1996
|h Library of Congress classification
|i unmediated -- volume
|m A14822370363
|
| 998 |
f |
f |
|a E457.32 .H45 1996
|t 0
|l Evans: Curriculum Collection (4th floor)
|